[Event "LIV C.to Italiano"]
[Site "Reggio nell'Emilia ITA"]
[Date "1994.12.26"]
[Round "1"]
[White "Barlocco, Carlo"]
[Black "Chernin, Alexander M."]
[Result "0-1"]
[WhiteElo "2280"]
[BlackElo "2615"]
[PlyCount "92"]
[EventDate "1994.12.26"]

1. d4 Nf6 2. Nf3 e6 3. Bg5 c5 4. c3 Qb6 5. Qb3 d5 6. Nbd2 Qxb3 7. axb3 cxd4 8.
Nxd4 Nc6 9. Nxc6 bxc6 10. Bxf6 gxf6 11. e4 Bc5 12. Be2 Ke7 13. O-O Rd8 14. exd5
cxd5 15. Bf3 Rb8 16. b4 Bb6 17. Rfd1 Bd7 18. Nb3 Rdc8 19. Be2 Rc7 20. Kf1 f5
21. Nd4 f6 22. Nc2 f4 23. Rd3 Be8 24. Rh3 Bg6 25. Bd3 f5 26. Be2 e5 27. Na3 Rd7
28. Bh5 Kf6 29. Bxg6 hxg6 30. Rd3 e4 31. Rd2 d4 32. cxd4 Rxd4 33. Rxd4 Bxd4 34.
Nc2 Bb6 35. Rd1 Rh8 36. h3 f3 37. Ne3 Bxe3 38. fxe3 fxg2+ 39. Kxg2 Rc8 40. Rd7
Rc2+ 41. Kg3 Re2 42. Rd6+ Ke5 43. Rxg6 Rxe3+ 44. Kg2 Re2+ 45. Kg1 Rxb2 46. h4
e3 0-1

[Event "LIV C.to Italiano"]
[Site "Reggio nell'Emilia ITA"]
[Date "1994.12.26"]
[Round "1"]
[White "Belotti, Bruno"]
[Black "Contin, Daniel"]
[Result "1/2-1/2"]
[WhiteElo "2455"]
[BlackElo "2425"]
[PlyCount "115"]
[EventDate "1994.12.26"]

1. e4 e6 2. d3 c5 3. g3 Nc6 4. Bg2 g6 5. Nf3 Bg7 6. O-O Nge7 7. Re1 d6 8. c3
O-O 9. d4 cxd4 10. cxd4 Qb6 11. d5 Nd4 12. Nc3 exd5 13. exd5 Nef5 14. Rb1 Nxf3+
15. Qxf3 Nd4 16. Qd3 Bf5 17. Ne4 Rfe8 18. Be3 Qb5 19. Qxb5 Nxb5 20. Bf4 Rac8
21. a4 Nd4 22. Nxd6 Ne2+ 23. Rxe2 Rxe2 24. Nxf5 gxf5 25. d6 Bf6 26. Bxb7 Rcc2
27. Be3 Rxb2 28. Rxb2 Rxb2 29. Bc6 a5 30. d7 Bd8 31. Kg2 Rc2 32. Bb5 Kf8 33.
Kf3 Ke7 34. Kf4 Ke6 35. Bd3 Bc7+ 36. Kg5 f6+ 37. Kh6 Rb2 38. Kxh7 f4 39. gxf4
Kxd7 40. Kg6 Rb4 41. h4 Bxf4 42. Bc5 Rb3 43. Bb5+ Kc7 44. h5 Rh3 45. Bf8 Rf3
46. Bc5 Rh3 47. Be2 Rc3 48. Bd4 Rc2 49. Bb5 Rd2 50. Bc3 Rxf2 51. Bxa5+ Kd6 52.
Bb6 Rf3 53. a5 Be3 54. Bd8 Rg3+ 55. Kf7 Rg5 56. Be2 Kd7 57. Bxf6 Rxa5 58. Bg4+
1/2-1/2

[Event "LIV C.to Italiano"]
[Site "Reggio nell'Emilia ITA"]
[Date "1994.12.26"]
[Round "1"]
[White "Garcia Palermo, Carlos Horacio"]
[Black "Epishin, Vladimir V."]
[Result "0-1"]
[WhiteElo "2490"]
[BlackElo "2650"]
[PlyCount "90"]
[EventDate "1994.12.26"]

1. d4 Nf6 2. c4 e6 3. Nf3 b6 4. g3 Ba6 5. b3 d5 6. cxd5 exd5 7. Bg2 Bb4+ 8. Bd2
Be7 9. O-O O-O 10. Nc3 Bb7 11. Qc2 Na6 12. Bg5 Re8 13. Rfd1 c6 14. Qb2 Nc7 15.
b4 Ne6 16. Bxf6 Bxf6 17. e3 g6 18. a4 Bg7 19. a5 Rb8 20. axb6 axb6 21. b5 c5
22. Ra7 Re7 23. Ne2 Ra8 24. Qa3 Rxa7 25. Qxa7 Bf6 26. Qa2 Kg7 27. h4 h5 28.
dxc5 bxc5 29. e4 Rd7 30. exd5 Bxd5 31. Qb1 Bb7 32. Rxd7 Qxd7 33. Ne1 c4 34.
Bxb7 Qxb7 35. Ng2 Nd4 36. Nxd4 Bxd4 37. Ne3 c3 38. Qd3 Qb6 39. Nc2 Bxf2+ 40.
Kg2 Qf6 41. Ne3 Bxe3 42. Qxe3 c2 43. Qc1 Qc3 44. b6 Qb3 45. Qa1+ Kg8 0-1

[Event "LIV C.to Italiano"]
[Site "Reggio nell'Emilia ITA"]
[Date "1994.12.26"]
[Round "1"]
[White "Godena, Michele"]
[Black "Romanishin, Oleg M."]
[Result "0-1"]
[WhiteElo "2485"]
[BlackElo "2605"]
[PlyCount "62"]
[EventDate "1994.12.26"]

1. e4 e5 2. Nf3 Nc6 3. d4 exd4 4. Nxd4 Bc5 5. Be3 Qf6 6. c3 Qg6 7. Nxc6 Bxe3 8.
Nd4 Bxd4 9. Qxd4 Ne7 10. Nd2 O-O 11. Qe5 Nc6 12. Qg3 Re8 13. Qxg6 hxg6 14.
O-O-O d6 15. f3 Ne5 16. Be2 Be6 17. a3 f5 18. f4 Nd7 19. exf5 Bxf5 20. Bc4+ Kf8
21. Nf3 Nf6 22. Nd4 Re7 23. Rhe1 Rae8 24. Rxe7 Rxe7 25. Bd3 Ne4 26. Bxe4 Rxe4
27. g3 Bg4 28. Rd2 Re1+ 29. Kc2 a6 30. Rf2 c5 31. Kd2 Rd1+ 0-1

[Event "LIV C.to Italiano"]
[Site "Reggio nell'Emilia ITA"]
[Date "1994.12.26"]
[Round "1"]
[White "Martorelli, Antonio"]
[Black "Arlandi, Ennio"]
[Result "1-0"]
[WhiteElo "2245"]
[BlackElo "2425"]
[PlyCount "87"]
[EventDate "1994.12.26"]

1. e4 c6 2. d4 d5 3. exd5 cxd5 4. c4 Nf6 5. Nc3 e6 6. Bg5 Be7 7. Nf3 O-O 8. Rc1
Nc6 9. a3 Ne4 10. Bxe7 Qxe7 11. Be2 Nxc3 12. Rxc3 dxc4 13. Bxc4 Rd8 14. O-O Qf6
15. Rd3 Bd7 16. Qd2 Ne7 17. Ne5 Be8 18. Re1 Nd5 19. Rf3 Qh4 20. Rh3 Qf4 21. Qd3
Nf6 22. Rd1 Rac8 23. Rf3 Qe4 24. Re3 Qxd3 25. Rexd3 Ba4 26. Re1 Bc2 27. Rc3 Bf5
28. f3 Rxd4 29. g4 Bg6 30. Bxe6 Rxc3 31. bxc3 Ra4 32. Bc4 h6 33. h4 Kh7 34. h5
Bc2 35. Bxf7 Rxa3 36. Re3 Bb3 37. c4 a5 38. Bg6+ Kg8 39. f4 a4 40. g5 hxg5 41.
fxg5 Ra1+ 42. Kf2 Nh7 43. Nd7 Ra2+ 44. Kg3 1-0

[Event "LIV C.to Italiano"]
[Site "Reggio nell'Emilia ITA"]
[Date "1994.12.27"]
[Round "2"]
[White "Arlandi, Ennio"]
[Black "Belotti, Bruno"]
[Result "1-0"]
[WhiteElo "2425"]
[BlackElo "2455"]
[PlyCount "69"]
[EventDate "1994.12.26"]

1. d4 Nf6 2. c4 c5 3. d5 b5 4. cxb5 a6 5. f3 e6 6. e4 exd5 7. e5 Qe7 8. Qe2 Ng8
9. Nc3 Bb7 10. Nh3 Qd8 11. Nf4 Ne7 12. Nh5 Qb6 13. a4 axb5 14. Nxb5 Ng6 15. f4
Nc6 16. Qd1 Na5 17. Ra3 d4 18. Rg3 Kd8 19. Be2 Nh4 20. O-O g6 21. Nf6 Be7 22.
Bg4 Bxf6 23. exf6 Re8 24. b4 cxb4 25. Bb2 Nc6 26. Rf2 Ra5 27. Nd6 Rd5 28. Nxe8
Kxe8 29. Rh3 Nf5 30. Rxh7 Kd8 31. Rxf7 b3 32. Bxf5 gxf5 33. Rf8+ Kc7 34. f7 Qc5
35. Re8 1-0

[Event "LIV C.to Italiano"]
[Site "Reggio nell'Emilia ITA"]
[Date "1994.12.27"]
[Round "2"]
[White "Contin, Daniel"]
[Black "Garcia Palermo, Carlos Horacio"]
[Result "1/2-1/2"]
[WhiteElo "2425"]
[BlackElo "2490"]
[PlyCount "29"]
[EventDate "1994.12.26"]

1. c4 e6 2. Nf3 Nf6 3. g3 b6 4. Bg2 Bb7 5. O-O Be7 6. b3 O-O 7. Bb2 d5 8. e3 c5
9. Nc3 dxc4 10. bxc4 Nc6 11. Qe2 Rc8 12. Rfd1 Qc7 13. d3 Rfd8 14. Rab1 a6 15.
Ba1 1/2-1/2

[Event "LIV C.to Italiano"]
[Site "Reggio nell'Emilia ITA"]
[Date "1994.12.27"]
[Round "2"]
[White "Romanishin, Oleg M."]
[Black "Barlocco, Carlo"]
[Result "1-0"]
[WhiteElo "2605"]
[BlackElo "2280"]
[PlyCount "79"]
[EventDate "1994.12.26"]

1. d4 d5 2. c4 c6 3. Nf3 Nf6 4. Nc3 a6 5. a4 e6 6. g3 Bb4 7. Bg2 Nbd7 8. O-O
O-O 9. Qc2 Qe7 10. a5 Rd8 11. Rd1 dxc4 12. e4 e5 13. dxe5 Ng4 14. Bg5 f6 15.
exf6 gxf6 16. Bf4 Nde5 17. Rxd8+ Qxd8 18. Bxe5 Nxe5 19. Nxe5 fxe5 20. Qa4 Qe7
21. Nd1 Be6 22. Ne3 Rd8 23. Rd1 Rxd1+ 24. Qxd1 Bxa5 25. Nf5 Bxf5 26. exf5 Bb6
27. Qg4+ Kf8 28. Qxc4 Qc5 29. Qe2 Qc1+ 30. Bf1 Bd4 31. b3 Qb2 32. Qf3 Qc3 33.
Bd3 Qd2 34. Be2 a5 35. Kg2 Qe1 36. Bc4 b5 37. Be6 a4 38. bxa4 bxa4 39. f6 a3
40. Qxa3+ 1-0

[Event "LIV C.to Italiano"]
[Site "Reggio nell'Emilia ITA"]
[Date "1994.12.28"]
[Round "3"]
[White "Barlocco, Carlo"]
[Black "Epishin, Vladimir V."]
[Result "0-1"]
[WhiteElo "2280"]
[BlackElo "2650"]
[PlyCount "58"]
[EventDate "1994.12.26"]

1. e4 c5 2. Nf3 e6 3. d4 cxd4 4. Nxd4 Nf6 5. Nc3 Nc6 6. Bg5 d6 7. Qd2 Be7 8.
O-O-O O-O 9. Nb3 Qb6 10. f3 Rd8 11. Be3 Qc7 12. Qf2 d5 13. Be2 e5 14. exd5 Nb4
15. d6 Rxd6 16. Rxd6 Bxd6 17. a3 Nbd5 18. Nb5 Qe7 19. Bxa7 Bf5 20. Nxd6 Qxd6
21. Bc5 Qc6 22. Bd1 Rc8 23. c3 b6 24. Bb4 Nxb4 25. axb4 Nd5 26. Na1 Nxc3 27.
Bc2 Qa8 28. Kd2 Rd8+ 29. Kxc3 Qc6+ 0-1

[Event "LIV C.to Italiano"]
[Site "Reggio nell'Emilia ITA"]
[Date "1994.12.28"]
[Round "3"]
[White "Belotti, Bruno"]
[Black "Vaganian, Rafael A."]
[Result "1/2-1/2"]
[WhiteElo "2455"]
[BlackElo "2645"]
[PlyCount "295"]
[EventDate "1994.12.26"]

1. d4 Nf6 2. c4 e6 3. Nc3 Bb4 4. e3 O-O 5. Bd3 d5 6. cxd5 exd5 7. Nge2 Re8 8.
O-O Bf8 9. f3 c5 10. Qe1 b6 11. Qf2 Ba6 12. Bxa6 Nxa6 13. Nf4 Nc7 14. Bd2 Bd6
15. Nfe2 Qd7 16. Rae1 Re7 17. Kh1 Rae8 18. g4 h6 19. Ng3 Bxg3 20. Qxg3 Nb5 21.
dxc5 bxc5 22. Qf2 Qc6 23. Kg1 Nd6 24. b3 Nd7 25. Rd1 f5 26. h3 Nf6 27. Bc1 fxg4
28. hxg4 Nf7 29. Qg3 Ng5 30. Ne2 Rxe3 31. Bxe3 Rxe3 32. Nf4 d4 33. Rd3 Nfe4 34.
Qg2 Ne6 35. Rxe3 Nxf4 36. Qh2 dxe3 37. Qxf4 Nd2 38. Qxe3 Nxf1 39. Kxf1 Qa6+ 40.
Qe2 Qxe2+ 41. Kxe2 Kf7 42. Ke3 g6 43. f4 Kf6 44. Kf3 a5 45. a4 Ke7 46. Ke3 Kd6
47. Kd3 Ke6 48. Ke4 Kf6 49. Ke3 Ke7 50. Ke4 Ke6 51. Kf3 Kf7 52. Ke4 Kf6 53. Kf3
Ke6 54. Ke4 h5 55. Kf3 Kd5 56. Kg3 hxg4 57. Kxg4 Kd4 58. Kg5 Kc3 59. Kxg6 Kxb3
60. f5 c4 61. f6 c3 62. f7 c2 63. f8=Q c1=Q 64. Qd8 Kxa4 65. Qe8+ Kb4 66. Qb8+
Ka4 67. Qe8+ Ka3 68. Qe7+ Kb2 69. Qf6+ Qc3 70. Qb6+ Ka2 71. Qe6+ Ka1 72. Qe4
Kb2 73. Kh5 Qc5+ 74. Kh6 Qb6+ 75. Kh5 Qb5+ 76. Kh6 a4 77. Qd4+ Ka2 78. Qd2+ Qb2
79. Qd5+ Kb1 80. Qd3+ Qc2 81. Qb5+ Kc1 82. Qf1+ Kb2 83. Qf6+ Qc3 84. Qb6+ Ka2
85. Qf2+ Ka3 86. Qf8+ Kb3 87. Qf7+ Qc4 88. Qb7+ Kc3 89. Qg7+ Kb4 90. Qb2+ Ka5
91. Qd2+ Kb5 92. Qb2+ Qb4 93. Qe2+ Ka5 94. Qe5+ Ka6 95. Qe2+ Ka7 96. Kg5 Qc5+
97. Kf4 a3 98. Qa2 Qd4+ 99. Kf3 Qc3+ 100. Ke4 Kb6 101. Kf5 Qb2 102. Qe6+ Ka5
103. Qe7 Qb5+ 104. Kg6 Qd3+ 105. Kh6 Qd2+ 106. Kh7 Qh2+ 107. Kg8 Qg3+ 108. Kh7
Qh3+ 109. Kg6 Qg4+ 110. Kh6 Qf4+ 111. Kg6 Qg3+ 112. Kh6 Qh2+ 113. Kg6 Qg2+ 114.
Kh7 Qh1+ 115. Kg7 Qg2+ 116. Kh7 Qc2+ 117. Kh6 Qc6+ 118. Kh7 Ka4 119. Qa7+ Kb3
120. Qb8+ Kc4 121. Qf4+ Kb5 122. Qe5+ Qc5 123. Qe8+ Ka5 124. Qd8+ Ka6 125. Qf6+
Qb6 126. Qf1+ Ka7 127. Qc4 Qb7+ 128. Kg8 Qb8+ 129. Kf7 Qd6 130. Kg8 Kb6 131.
Qb3+ Kc7 132. Qc4+ Kd8 133. Qh4+ Kd7 134. Qa4+ Kd8 135. Qh4+ Kc7 136. Qc4+ Kb6
137. Qb3+ Ka5 138. Kh7 Qh2+ 139. Kg8 Qb2 140. Qd5+ Qb5 141. Qa8+ Kb4 142. Qf8+
Kb3 143. Qf3+ Ka2 144. Qf2+ Qb2 145. Qf7+ Qb3 146. Kh8 Kb2 147. Qf2+ Ka1 148.
Qf1+ 1/2-1/2

[Event "LIV C.to Italiano"]
[Site "Reggio nell'Emilia ITA"]
[Date "1994.12.28"]
[Round "3"]
[White "Chernin, Alexander M."]
[Black "Romanishin, Oleg M."]
[Result "1/2-1/2"]
[WhiteElo "2615"]
[BlackElo "2605"]
[PlyCount "126"]
[EventDate "1994.12.26"]

1. d4 Nf6 2. c4 e6 3. Nf3 b6 4. g3 Ba6 5. b3 Bb7 6. Bg2 Bb4+ 7. Bd2 c5 8. O-O
O-O 9. Bc3 Re8 10. Bb2 d5 11. cxd5 exd5 12. a3 Ba5 13. Ne5 Nbd7 14. Nxd7 Qxd7
15. dxc5 bxc5 16. Bxf6 gxf6 17. Nd2 Rad8 18. b4 cxb4 19. Nb3 Bb6 20. axb4 d4
21. Bxb7 Qxb7 22. Qd2 Qd5 23. Nc1 Qg5 24. Ra2 h5 25. Nd3 h4 26. Qf4 hxg3 27.
hxg3 Kg7 28. Qxg5+ fxg5 29. Kg2 Re6 30. Rc1 Rde8 31. Rcc2 g4 32. b5 Rh6 33. Rc6
Rh5 34. Nf4 Rxb5 35. Ra1 Rh8 36. Rac1 Re5 37. Rd6 Rh6 38. Rd7 Re8 39. Rd5 Kh7
40. Rf5 Re7 41. Nd5 Rb7 42. Rf4 Rg6 43. Rc4 Kg7 44. Nxb6 axb6 45. Rcxd4 b5 46.
Kf1 b4 47. Rxb4 Rxb4 48. Rxb4 f5 49. Rf4 Rg5 50. Ke1 Kh6 51. Kd2 Kg7 52. e3 Kh6
53. Kc3 Kg7 54. Kd4 Kg6 55. Ke5 Rh5 56. Kd4 Kg5 57. Kd5 Kg6 58. Ke6 Rh8 59.
Rxf5 Re8+ 60. Kd7 Rxe3 61. fxe3 Kxf5 62. Ke7 Ke4 63. Kf6 Kf3 1/2-1/2

[Event "LIV C.to Italiano"]
[Site "Reggio nell'Emilia ITA"]
[Date "1994.12.28"]
[Round "3"]
[White "Garcia Palermo, Carlos Horacio"]
[Black "Arlandi, Ennio"]
[Result "0-1"]
[WhiteElo "2490"]
[BlackElo "2425"]
[PlyCount "76"]
[EventDate "1994.12.26"]

1. Nf3 d5 2. b3 Nf6 3. Bb2 g6 4. c4 c6 5. e3 Bg7 6. Be2 O-O 7. O-O Nbd7 8. cxd5
cxd5 9. Nc3 b6 10. Rc1 Bb7 11. b4 a5 12. a3 axb4 13. axb4 Ne4 14. Na4 Bxb2 15.
Nxb2 Qb8 16. Bb5 Qd6 17. Na4 Nef6 18. Qb3 Rfc8 19. Nd4 Rxc1 20. Rxc1 Rc8 21.
Rxc8+ Bxc8 22. f4 Bb7 23. Bxd7 Nxd7 24. Nc3 e5 25. fxe5 Nxe5 26. Nce2 Ba6 27.
b5 Bc8 28. Nf4 Nc4 29. Nc6 Be6 30. Qc3 g5 31. Nh5 d4 32. Nxd4 Qe5 33. Qa1 Bd5
34. Qa6 h6 35. Qc8+ Kh7 36. Qd8 Nxe3 37. dxe3 Qxe3+ 38. Kf1 Bc4+ 0-1

[Event "LIV C.to Italiano"]
[Site "Reggio nell'Emilia ITA"]
[Date "1994.12.28"]
[Round "3"]
[White "Godena, Michele"]
[Black "Contin, Daniel"]
[Result "1-0"]
[WhiteElo "2485"]
[BlackElo "2425"]
[PlyCount "93"]
[EventDate "1994.12.26"]

1. e4 e6 2. d4 d5 3. Nd2 c5 4. exd5 exd5 5. Ngf3 Nf6 6. Bb5+ Bd7 7. Bxd7+ Nbxd7
8. O-O Be7 9. dxc5 Nxc5 10. Nd4 Qd7 11. Qf3 O-O 12. Rd1 Rfe8 13. Nf1 Nce4 14.
Nf5 Qc6 15. Nxe7+ Rxe7 16. c3 Qb6 17. Qe3 Qd8 18. Qd4 Rd7 19. f3 Nd6 20. Bg5
Nde8 21. Ne3 Qb6 22. Qxb6 axb6 23. Rd4 h6 24. Bh4 Ra5 25. a3 Re7 26. Kf2 g5 27.
Nf5 Re5 28. Nxh6+ Kf8 29. Bg3 Re6 30. Nf5 Nh5 31. Rad1 Nef6 32. Bd6+ Kg8 33. g4
Ng7 34. Bb4 Ra8 35. Ne7+ Kh7 36. h4 gxh4 37. Rh1 Kh6 38. Nxd5 Nxd5 39. Rxd5
Rae8 40. Rxh4+ Kg6 41. Rd6 Rxd6 42. Bxd6 Rd8 43. Bf4 Ne6 44. Be3 Rd1 45. Rh5
Nc5 46. Rh6+ Kg7 47. Rxb6 1-0

[Event "LIV C.to Italiano"]
[Site "Reggio nell'Emilia ITA"]
[Date "1994.12.28"]
[Round "3"]
[White "Martorelli, Antonio"]
[Black "Tatai, Stefano"]
[Result "1/2-1/2"]
[WhiteElo "2245"]
[BlackElo "2430"]
[PlyCount "41"]
[EventDate "1994.12.26"]

1. e4 c5 2. Nf3 Nc6 3. Bb5 g6 4. c3 Nf6 5. e5 Nd5 6. Qb3 Nc7 7. O-O Bg7 8. Re1
O-O 9. Bf1 d5 10. exd6 Qxd6 11. Na3 Be6 12. Nc4 Qd7 13. Qa3 b6 14. Nce5 Nxe5
15. Nxe5 Qd5 16. d4 cxd4 17. cxd4 Qd6 18. Qa4 Nd5 19. Bd2 a6 20. Rac1 b5 21.
Qa5 1/2-1/2

[Event "LIV C.to Italiano"]
[Site "Reggio nell'Emilia ITA"]
[Date "1994.12.29"]
[Round "4"]
[White "Contin, Daniel"]
[Black "Barlocco, Carlo"]
[Result "1-0"]
[WhiteElo "2425"]
[BlackElo "2280"]
[PlyCount "129"]
[EventDate "1994.12.26"]

1. c4 e5 2. Nc3 Nf6 3. Nf3 Nc6 4. g3 Bb4 5. Nd5 Bc5 6. Bg2 d6 7. O-O O-O 8. d4
Nxd4 9. Nxd4 Nxd5 10. Nb3 Nb4 11. Nxc5 dxc5 12. Be3 Qd6 13. a3 Nc6 14. Qxd6
cxd6 15. Bxc6 bxc6 16. Rfd1 Be6 17. Rxd6 Bxc4 18. Bxc5 Rfc8 19. e4 a5 20. Rc1
Bb3 21. f4 exf4 22. gxf4 Re8 23. e5 Re6 24. Bd4 Bd5 25. f5 Ree8 26. Rd7 a4 27.
Kf2 Rad8 28. e6 f6 29. Bxf6 gxf6 30. Rg1+ Kh8 31. Rgg7 Bxe6 32. Rxh7+ Kg8 33.
fxe6 Rxe6 34. Rxd8+ Kxh7 35. Rd4 Re5 36. Rxa4 Rc5 37. Re4 Kg6 38. Kf3 Kf5 39.
Re2 Rc1 40. Ke3 Rd1 41. Rd2 Rc1 42. Rf2+ Ke5 43. Re2 Kf5 44. Kd2 Rb1 45. Kc2
Rh1 46. a4 Kg4 47. Re4+ Kf3 48. Re6 f5 49. Rxc6 f4 50. a5 Rxh2+ 51. Kc3 Ke4 52.
b4 f3 53. Re6+ Kd5 54. Rf6 f2 55. Kb3 Kd4 56. b5 Ke5 57. Rf8 Rh3+ 58. Kb2 Rh5
59. Rxf2 Kd4 60. Rf4+ Kc5 61. b6 Kc6 62. Rb4 Kb7 63. a6+ Kb8 64. b7 Rh8 65. Rc4
1-0

[Event "LIV C.to Italiano"]
[Site "Reggio nell'Emilia ITA"]
[Date "1994.12.29"]
[Round "4"]
[White "Epishin, Vladimir V."]
[Black "Chernin, Alexander M."]
[Result "1/2-1/2"]
[WhiteElo "2650"]
[BlackElo "2615"]
[PlyCount "31"]
[EventDate "1994.12.26"]

1. d4 Nf6 2. Nf3 d5 3. c4 c6 4. cxd5 cxd5 5. Nc3 Nc6 6. Bf4 Bf5 7. e3 e6 8. Be2
a6 9. O-O Be7 10. Ne5 Nxe5 11. Bxe5 O-O 12. Qb3 Nd7 13. Bg3 Qb6 14. Qxb6 Nxb6
15. Bc7 Nd7 16. Rfc1 1/2-1/2

[Event "LIV C.to Italiano"]
[Site "Reggio nell'Emilia ITA"]
[Date "1994.12.29"]
[Round "4"]
[White "Martorelli, Antonio"]
[Black "Belotti, Bruno"]
[Result "1/2-1/2"]
[WhiteElo "2245"]
[BlackElo "2455"]
[PlyCount "81"]
[EventDate "1994.12.26"]

1. e4 d6 2. d4 Nf6 3. Nc3 g6 4. Be3 c6 5. h3 Bg7 6. Nf3 O-O 7. Be2 Nbd7 8. O-O
Qc7 9. a4 e5 10. dxe5 dxe5 11. Qd2 Re8 12. Rfd1 Bf8 13. Bc4 Nc5 14. Ng5 Ne6 15.
a5 Bb4 16. a6 Nxg5 17. Bxg5 Bxc3 18. Qxc3 Nxe4 19. axb7 Qxb7 20. Qe3 Nxg5 21.
Qxg5 Be6 22. Bxe6 Rxe6 23. Rd8+ Rxd8 24. Qxd8+ Kg7 25. b3 Qb6 26. Qd7 a6 27.
Qd3 Rf6 28. Qe2 Qb5 29. Qe1 Qc5 30. c4 Qb6 31. Qxe5 Qxb3 32. Qd4 c5 33. Qxc5
Qc3 34. Rd1 Rf4 35. Rd8 Qe1+ 36. Kh2 Qxf2 37. Qf8+ Kf6 38. Qd6+ Kg7 39. Qf8+
Kf6 40. Qd6+ Kg7 41. Qf8+ 1/2-1/2

[Event "LIV C.to Italiano"]
[Site "Reggio nell'Emilia ITA"]
[Date "1994.12.29"]
[Round "4"]
[White "Tatai, Stefano"]
[Black "Romanishin, Oleg M."]
[Result "1-0"]
[WhiteElo "2430"]
[BlackElo "2605"]
[PlyCount "81"]
[EventDate "1994.12.26"]

1. e4 e5 2. Nf3 Nc6 3. Bb5 a6 4. Bxc6 dxc6 5. O-O Qd6 6. d3 f6 7. Be3 Ne7 8.
Nbd2 Ng6 9. d4 Be7 10. c4 O-O 11. c5 Qe6 12. Qc2 Qg4 13. Rfe1 Kh8 14. h3 Qh5
15. b4 Bxh3 16. gxh3 Qxh3 17. Qc4 f5 18. dxe5 Rad8 19. Qf1 Qh5 20. exf5 Rxf5
21. Qg2 Rdf8 22. Nh2 Bg5 23. Ne4 Nh4 24. Qg3 Bf4 25. Bxf4 Rxf4 26. e6 Nf3+ 27.
Nxf3 Rg4 28. Ne5 Rxg3+ 29. Nxg3 Qh4 30. e7 Re8 31. Re4 Qf6 32. Rae1 Kg8 33. Nc4
g6 34. Na5 h5 35. Nxb7 h4 36. Nf1 Qg5+ 37. Kh2 Qf5 38. R1e2 g5 39. Nd2 g4 40.
Nd8 h3 41. Nxc6 1-0

[Event "LIV C.to Italiano"]
[Site "Reggio nell'Emilia ITA"]
[Date "1994.12.30"]
[Round "5"]
[White "Barlocco, Carlo"]
[Black "Arlandi, Ennio"]
[Result "1/2-1/2"]
[WhiteElo "2280"]
[BlackElo "2425"]
[PlyCount "102"]
[EventDate "1994.12.26"]

1. e4 c6 2. d4 d5 3. e5 Bf5 4. Nf3 e6 5. Be2 Nd7 6. O-O Bg6 7. c3 Ne7 8. b4 a5
9. b5 Nc8 10. Nbd2 Be7 11. c4 dxc4 12. bxc6 bxc6 13. Nxc4 O-O 14. Ba3 Bxa3 15.
Nxa3 Ncb6 16. Rc1 Qe7 17. Nc4 Nxc4 18. Rxc4 Be4 19. Rc3 Rfb8 20. Bd3 Bd5 21.
Bc4 Nb6 22. Bxd5 cxd5 23. Qd3 Na4 24. Rb3 Qc7 25. Ng5 g6 26. Qh3 h5 27. Rf3 Qc2
28. g3 Ra7 29. Nxf7 Rxf7 30. Qxe6 Rbf8 31. Rxf7 Rxf7 32. Qxd5 Nc3 33. Qxa5 Ne2+
34. Kg2 Qe4+ 35. f3 Qxd4 36. e6 Re7 37. Qa6 Qe3 38. Rd1 Nd4 39. Qd3 Qxd3 40.
Rxd3 Nxe6 41. h4 Kf7 42. Ra3 Rd7 43. g4 Rd1 44. Ra4 Rd5 45. Kg3 Kf6 46. Ra8
hxg4 47. fxg4 Rd3+ 48. Kf2 Rd2+ 49. Ke3 Rh2 50. h5 Rh3+ 51. Ke4 gxh5 1/2-1/2

[Event "LIV C.to Italiano"]
[Site "Reggio nell'Emilia ITA"]
[Date "1994.12.30"]
[Round "5"]
[White "Belotti, Bruno"]
[Black "Tatai, Stefano"]
[Result "1/2-1/2"]
[WhiteElo "2455"]
[BlackElo "2430"]
[PlyCount "83"]
[EventDate "1994.12.26"]

1. Nf3 Nf6 2. g3 g6 3. Bg2 Bg7 4. O-O O-O 5. d3 d5 6. Nbd2 c5 7. e4 Nc6 8. Re1
h6 9. exd5 Nxd5 10. Nb3 b6 11. d4 c4 12. Nbd2 c3 13. Ne4 cxb2 14. Bxb2 Ba6 15.
Ned2 Na5 16. Ne5 Rc8 17. Rc1 Nc3 18. Bxc3 Rxc3 19. Nb3 Qc7 20. Nxa5 bxa5 21.
Qd2 e6 22. h4 Rd8 23. Qf4 Bb7 24. Bxb7 Qxb7 25. Re3 Rdc8 26. Rxc3 Rxc3 27. Ng4
h5 28. Ne5 Qc7 29. Qe4 Qb6 30. Qf4 Qb7 31. a4 Bxe5 32. dxe5 Qb4 33. Qf6 Qd4 34.
Kh2 Rc4 35. Rb1 Rb4 36. Rb3 Rxb3 37. cxb3 Qd5 38. Qe7 Qd4 39. Kg2 Qd5+ 40. Kg1
Qxb3 41. Qd8+ Kg7 42. Qf6+ 1/2-1/2

[Event "LIV C.to Italiano"]
[Site "Reggio nell'Emilia ITA"]
[Date "1994.12.30"]
[Round "5"]
[White "Garcia Palermo, Carlos Horacio"]
[Black "Martorelli, Antonio"]
[Result "1-0"]
[WhiteElo "2490"]
[BlackElo "2245"]
[PlyCount "55"]
[EventDate "1994.12.26"]

1. d4 d5 2. c4 c6 3. Nf3 e6 4. e3 Nf6 5. Bd3 dxc4 6. Bxc4 Nbd7 7. O-O Bd6 8. b3
O-O 9. Bb2 Qc7 10. Nc3 e5 11. h3 exd4 12. Nxd4 Nb6 13. Bd3 Qe7 14. Re1 Rd8 15.
Qc2 Ba3 16. Bxa3 Qxa3 17. Rad1 h6 18. Rf1 Bd7 19. e4 a5 20. e5 Nfd5 21. Nxd5
Nxd5 22. Bc4 Be6 23. Nxe6 fxe6 24. Rd4 Qc5 25. Qe4 Rf8 26. Bd3 Nf4 27. Qh7+ Kf7
28. Rxf4+ 1-0

[Event "LIV C.to Italiano"]
[Site "Reggio nell'Emilia ITA"]
[Date "1994.12.30"]
[Round "5"]
[White "Romanishin, Oleg M."]
[Black "Epishin, Vladimir V."]
[Result "1/2-1/2"]
[WhiteElo "2605"]
[BlackElo "2650"]
[PlyCount "39"]
[EventDate "1994.12.26"]

1. d4 Nf6 2. Nf3 d5 3. c4 c6 4. Nc3 a6 5. g3 b5 6. c5 g6 7. Bg2 Bg7 8. O-O O-O
9. Bf4 Bf5 10. Ne5 Qc8 11. Re1 Rd8 12. f3 Bh3 13. Bxh3 Qxh3 14. e3 Qc8 15. g4
Nbd7 16. Nd3 a5 17. Bg3 Nf8 18. Qe2 Re8 19. h3 N6d7 20. Qh2 1/2-1/2

[Event "LIV C.to Italiano"]
[Site "Reggio nell'Emilia ITA"]
[Date "1994.12.31"]
[Round "6"]
[White "Belotti, Bruno"]
[Black "Garcia Palermo, Carlos Horacio"]
[Result "0-1"]
[WhiteElo "2455"]
[BlackElo "2490"]
[PlyCount "66"]
[EventDate "1994.12.26"]

1. e4 c6 2. d4 d5 3. Nc3 dxe4 4. Nxe4 Bf5 5. Ng3 Bg6 6. h4 h6 7. Nf3 Nf6 8. Ne5
Bh7 9. Bd3 Bxd3 10. Qxd3 e6 11. Bd2 Nbd7 12. Ng6 fxg6 13. Qxg6+ Ke7 14. Bb4+ c5
15. dxc5 Qc7 16. c6+ Kd8 17. Bxf8 Nxf8 18. O-O-O+ Kc8 19. Qd3 bxc6 20. Qa6+ Kb8
21. Rd3 N8d7 22. Rb3+ Nb6 23. a4 Nfd7 24. Ne4 Qf4+ 25. Re3 Kc7 26. g3 Qf5 27.
Rd1 Rhb8 28. Qd3 Nd5 29. Rf3 Ne5 30. Qd4 Nxf3 31. Qxg7+ Kb6 32. Nd6 Qf6 33. a5+
Ka6 0-1

[Event "LIV C.to Italiano"]
[Site "Reggio nell'Emilia ITA"]
[Date "1994.12.31"]
[Round "6"]
[White "Contin, Daniel"]
[Black "Romanishin, Oleg M."]
[Result "1/2-1/2"]
[WhiteElo "2425"]
[BlackElo "2605"]
[PlyCount "37"]
[EventDate "1994.12.26"]

1. c4 e5 2. Nc3 Nf6 3. Nf3 Nc6 4. g3 d5 5. cxd5 Nxd5 6. Bg2 Nf6 7. O-O Be7 8.
a3 Be6 9. b4 Nd4 10. Rb1 Nxf3+ 11. Bxf3 c6 12. b5 O-O 13. bxc6 bxc6 14. d3 Qd7
15. Na4 Rab8 16. Be3 Nd5 17. Nc5 Qd6 18. Rxb8 Rxb8 19. Nxe6 1/2-1/2

[Event "LIV C.to Italiano"]
[Site "Reggio nell'Emilia ITA"]
[Date "1994.12.31"]
[Round "6"]
[White "Martorelli, Antonio"]
[Black "Godena, Michele"]
[Result "1-0"]
[WhiteElo "2245"]
[BlackElo "2485"]
[PlyCount "101"]
[EventDate "1994.12.26"]

1. e4 c5 2. Nf3 Nc6 3. d4 cxd4 4. Nxd4 e5 5. Nb5 d6 6. N1c3 a6 7. Na3 b5 8. Nd5
Nge7 9. Bg5 h6 10. Bxb5 hxg5 11. Nxe7 axb5 12. Nxc6 Qd7 13. Nb4 Ra4 14. c3 d5
15. Qxd5 Bxb4 16. cxb4 Qxd5 17. exd5 Rxb4 18. O-O-O Kd7 19. b3 Kd6 20. Rd2 Bd7
21. Nc2 Rbh4 22. Kb2 Rxh2 23. Rxh2 Rxh2 24. g3 f5 25. Kc3 f4 26. g4 Bxg4 27. a4
bxa4 28. bxa4 e4 29. a5 Bc8 30. Nd4 Rh3+ 31. Kb4 Rd3 32. Nb5+ Kxd5 33. Rc2 Bb7
34. Rc5+ Ke6 35. Rc7 Bd5 36. a6 e3 37. fxe3 f3 38. Rc2 g4 39. Nc7+ Kd6 40. Nxd5
Rd1 41. Nc3 Ra1 42. Na4 g3 43. a7 Rb1+ 44. Kc3 f2 45. a8=Q f1=Q 46. Rd2+ Ke5
47. Rd5+ Kf6 48. Qc6+ Kf7 49. Rd7+ Kg8 50. Qd5+ Kf8 51. Qa8+ 1-0

[Event "LIV C.to Italiano"]
[Site "Reggio nell'Emilia ITA"]
[Date "1995.01.02"]
[Round "7"]
[White "Barlocco, Carlo"]
[Black "Martorelli, Antonio"]
[Result "0-1"]
[WhiteElo "2280"]
[BlackElo "2245"]
[PlyCount "52"]
[EventDate "1994.12.26"]

1. e4 c5 2. Nf3 e6 3. d4 cxd4 4. Nxd4 a6 5. g3 Nf6 6. Bg2 Be7 7. O-O d6 8. Re1
O-O 9. b3 d5 10. exd5 exd5 11. Rxe7 Qxe7 12. Ba3 Qe5 13. Bxf8 Kxf8 14. Nc3 Nc6
15. Nce2 Bg4 16. f3 Qe3+ 17. Kh1 Nxd4 18. Nxd4 Ne4 19. Qf1 Nf2+ 20. Kg1 Nh3+
21. Kh1 Qxd4 22. c3 Qxc3 23. Rc1 Qd2 24. fxg4 Nf2+ 25. Kg1 Nxg4 26. Qf4 Ne3 0-1